Sports Quiz

Random Sports or Clickable Quiz

Anything but the NFL Quiz Stats

 Plays Quiz Updated Jul 10, 2018

Support Sporcle.
Go Orange.
Score 0/30 Timer 02:00
0 Plays Today
% Correct
???
76.9%
???
76.9%
???
76.7%
???
76.7%
???
76.5%
???
76.3%
???
76.2%
???
76.1%
???
76.1%
???
76%
???
75.8%
???
75.8%
???
75.8%
???
75.7%
???
75.7%
% Correct
???
75.6%
???
75.6%
???
75.4%
???
75.3%
???
75.3%
???
75.2%
???
75.2%
???
75.2%
???
75.1%
???
74.8%
???
74.8%
???
74.7%
???
74.6%
???
74.6%
???
72.5%

You're not logged in!

Compare scores with friends on all Sporcle quizzes.
OR
Log In

From the Vault

Bordering 'D' Countries on a Map

by RobPro

Don't miss Djibouti, it's pretty small.
Remove Ads.
Support Sporcle.
Get the best of Sporcle when you Go Orange. This ad-free experience offers more features, more stats, and more fun while also helping to support Sporcle. Thank you for becoming a member.

Show Comments

Extras

Top Quizzes Today


Score Distribution

Your Account Isn't Verified!

In order to create a playlist on Sporcle, you need to verify the email address you used during registration. Go to your Sporcle Settings to finish the process.

Report this User

Report this user for behavior that violates our Community Guidelines.

Details: